000 01189cam0 2200289 ib4500
001 BY-MI0004-br47472
005 20260319112031.0
010 ^d1443 р.
035 ^a(BY-MI0004)BY-MI0004-br47472
100 ^a20250603d1999 b y0rusy50 ca
101 0 ^arus
102 ^aRU
105 ^aa z 000fy
109 ^ama
200 1 ^aБежал ежик по дорожке
^eдля младшего школьного возраста
^fНиколай Сладков
210 ^aМосква
^cБамбук
^d1999
215 ^a93 с.
^cцв. ил.
608 ^3BY-NLB-ar9019
^aДЕТСКАЯ И ЮНОШЕСКАЯ ЛИТЕРАТУРА (художеств. произведение)
^2BYGNR
608 ^3BY-NLB-ar16440
^aЛИТЕРАТУРНАЯ СКАЗКА
^2BYGNR
608 ^3BY-NLB-ar27475
^aРАССКАЗ
^2BYGNR
686 ^a84(2Рос)6
^2rubbk
690 ^a1
^2Base
^9BY-MI0004
^xRSEK
700 1 ^3BY-NLB-ar2488052
^aСладков
^bН. И.
^gНиколай Иванович
^cписатель
^f1920-1996
801 0 ^aBY
^bBY-MI0004
^c20250603
^gRCR
899 ^aBY-MI0004
^h84(2Рос)6
^iС 47